Tilastot visalle Suurin S:llä alkava kaupunki

Klikkaa tästä pelataksesi tätä visaa!

Yleistilastot

  • Tätä visaa on pelattu 117 kertaa
  • Keskiarvotulos 10 / 21

Vastaustilastot

MaaS-kaupunki% Oikein
SuomiSeinäjoki
90%
KiinaShanghai
76%
EspanjaSevilla
75%
Pohjois-
Makedonia
Skopje
73%
BrasiliaSão Paulo
69%
ItävaltaSalzburg
61%
SaksaStuttgart
58%
NorjaStavanger
56%
KroatiaSplit
55%
JapaniSapporo
51%
IndonesiaSurabaya
45%
VenäjäSamara
44%
YhdysvallatSan Antonio
44%
RanskaStrasbourg
39%
Yhdistynyt
kuningaskunta
Sheffield
35%
IntiaSurat
34%
UzbekistanSamarkand
21%
KuubaSantiago
de Cuba
21%
TunisiaSfax
13%
UnkariSzeged
10%
MarokkoSale
4%

Tulosjakauma

Persentiili vastausten määrän mukaan

Jokaisen tuloksen saaneiden osuus

Tuloshistoriasi

Et ole pelannut tätä visaa